|
|
|
|
| LEADER |
00609cam a2200181 7i4500 |
| 001 |
0000032961 |
| 005 |
20100429090000.0 |
| 008 |
100429 bm |
| 020 |
|
|
|a 9789831244869 (pbk.)
|
| 090 |
0 |
0 |
|a F
|b ELE 2010
|
| 100 |
0 |
|
|a Elee Mardiana
|
| 245 |
1 |
0 |
|a Cinta seorang kekasih
|c elee Mardiana.
|
| 260 |
|
|
|a Shah Alam, Selangor:
|b Alaf 21,
|c 2010.
|
| 300 |
|
|
|a 500 p.;
|c 18 cm.
|
| 650 |
0 |
0 |
|a Malay fiction
|
| 999 |
|
|
|a 0000040674
|b BOK
|c OPEN SHELF
|e 1st Floor, Bestari Jaya
|
| 999 |
|
|
|a 0000040675
|b BOK
|c OPEN SHELF
|e 1st Floor, Bestari Jaya
|
| 999 |
|
|
|a 0000040676
|b BOK
|c OPEN SHELF
|e 2nd Floor, Shah Alam
|